| 000 | 00890nam a2200253 a 4500 | ||
|---|---|---|---|
| 001 | 40107 | ||
| 003 | BD-RjUL | ||
| 005 | 20211209053134.0 | ||
| 008 | 160423s1976 bg a|||e |||| 00| 0 ben d | ||
| 020 | _c: TK.85.00 | ||
| 035 | _a(BD-RjUL)40222 | ||
| 040 |
_aBD-RjUL _bben _cBD-RjUL |
||
| 041 | _aben | ||
| 082 |
_223 _bALB 1976 _a540 |
||
| 100 |
_aআলী, মোহাম্মদ ওয়াজেদ _9120160 |
||
| 245 | 1 | 0 |
_aব্যবহারিক রসায়ন / _c মোহাম্মদ ওয়াজেদ আলী |
| 260 |
_aঢাকা : _bবাংলা একাডেমী, _c১৯৭৬ |
||
| 300 |
_a[১১], ৩১৮ পৃ. : _bচিত্র ; _c২১ সেমি. |
||
| 490 |
_aবাএ : _v৭৪৪ |
||
| 650 |
_aরসায়ন _9123498 |
||
| 650 |
_aChemistry _9123499 |
||
| 830 |
_aবাএ : _v৭৪৪ _9123500 |
||
| 942 |
_2ddc _cBK |
||
| 999 |
_c40107 _d40107 |
||